Выписка из протокола Заседания Президиума ЦИКС об освобождении Немцова Н. М. об обязанностей члена Верховного Суда Союза ССР

RUSMARC
00005550nac2a22003613x 450
001dafe9c17-7dc7-4551-b758-8142c58bfe51
00520250805232808.0
100##$a20250619l19351935k y0rusy50 ca
1010#$arus
$amul
102##$aRU
105##$ay z |||||
1222#$ad19350523
$ad19350623
2001#$aВыписка из протокола Заседания Президиума ЦИКС об освобождении Немцова Н. М. об обязанностей члена Верховного Суда Союза ССР
$j23.05.1935 - 23.06.1935
215##$a2 листа
$d34,4 х 23,2
251##$cДело
300##$aЗаголовок дела на папке: Выписка из протокола заседания Президиума ЦИКС об освобождении Немцова Н. М. от обязанностей члена Верховного Суда Союза ССР
300##$aЧасть текста на языках народов СССР
300##$aЧасть текста машинописная и рукописная, часть - напечатана типографским способом
324##$aВ деле имеются копии отдельных документов
330##$aВходит в раздел описи: Протокольная часть
461#0$1001796d4672-8a00-4986-b488-6e42273792cc
$12001
$aЦЕНТРАЛЬНЫЙ ИСПОЛНИТЕЛЬНЫЙ КОМИТЕТ СССР (ЦИК СССР).
$1251
$cФонд
$1852
$gР
$j3316
462#0$1001b2b03070-aa26-4135-b154-6f52ec7c8bcd
$12001
$aДела Секретариата Президиума ЦИК Союза ССР за 1935 год
$vД. 516
$1251
$cОпись
$1852
$j28
5171#$aВыписка из протокола заседания Президиума ЦИКС об освобождении Немцова Н. М. от обязанностей члена Верховного Суда Союза ССР
600#1$aНемцов
$bН. М.
60101$3RU\NLR\AUTH\880398220
$aСССР
$bЦентральный исполнительный комитет
$bПрезидиум
60101$3RU\NLR\AUTH\66198496
$aСССР
$bВерховный Суд
605##$3DITM\AF\0000002775
$aВласть
$lколлекция
$2acquisition_prlib
6101#$aВыписка из протокола
$aОсвобождение от обязанностей
$aВерховный суд
686##$a67.401.011.12ю1
$cПраво
$2rubbk
686##$a63.3(2)614-332ю1
$cИстория
$2rubbk
801#0$aRU
$bGA_RF
801#1$aRU
$bГлавНИВЦ
$c20250619
$2rusmarc
801#2$aRU
$bПБ им. Б.Н. Ельцина
$c20250805
$gRCR
$2rusmarc
852##$aГА РФ
$j516
937##$d197786463
$hГАРФ
035##$aRuPRLIB51080494
856##$uhttp://readingroom.main.prlib.ru/item.aspx?id_node=n197786463&mode=full
Формат отображения